000 00375nam a2200157Ia 4500
008 230312s9999||||xx |||||||||||||| ||und||
020 _a067404813-X
082 _a302.3
_bRAI-A
100 _aRaiffa,Howard
245 0 _aArt and Science of Negotiation
260 _bHavard
_aUSA
_c1982
300 _a373
546 _aEng.
650 _aManagement
_vELMTRE House
942 _cBK
999 _c6288
_d6288